| 000 | 01620cam a2200361 a 4500 | ||
|---|---|---|---|
| 001 | EDZ0000159410 | ||
| 003 | StDuBDS | ||
| 005 | 20161031105239.0 | ||
| 006 | m||||||||d|||||||| | ||
| 007 | cr ||||||||||| | ||
| 008 | 130912s1995 cau fo| 000|0|eng|d | ||
| 020 |
_a9781483326818 (ebook) : _cNo price |
||
| 040 |
_aStDuBDS _beng _cStDuBDS _epn |
||
| 049 | _aAlfaisal Main Library | ||
| 050 | 0 |
_aRM315 _b.L36 1995 |
|
| 082 | 0 | 4 |
_a615.78 _223 |
| 100 | 1 | _aLeavitt, Fred. | |
| 245 | 1 | 0 |
_aDrugs and behavior _h[electronic resource] / _cFred Leavitt. |
| 250 | _a3rd ed. | ||
| 260 |
_aThousand Oaks, Calif. : _bSAGE, _c1995. |
||
| 300 | _a1 online resource (xxi, 525 p.) | ||
| 500 | _aPrevious ed.: New York; Chichester: Wiley, 1982. | ||
| 520 | 8 | _aWhat are the effects of psychoactive drugs on aspects of human behaviour, such as creativity, memory and sexuality? How effective are such drugs in treating mental disorders? How are new drugs tested and licensed? An intriguing introduction to the study of psychopharmacology, this fully revised and updated edition of 'Drugs and Behavior' presents a unique analysis of the ways in which human behaviour is affected by drugs, rather than simply by categories of drugs. | |
| 521 | _aSpecialized. | ||
| 588 | _aDescription based on print version record. | ||
| 650 | 0 | _aPsychopharmacology. | |
| 650 | 0 | _aPsychotropic drugs. | |
| 655 | 7 |
_aElectronic books. _2local |
|
| 710 | 2 | _aSage eBooks | |
| 776 | 0 | 8 |
_iPrint version : _z9780803947832 |
| 856 | 4 | 0 | _uhttp://ezproxy.alfaisal.edu/login?url=http://sk.sagepub.com/books/drugs-and-behavior |
| 942 |
_2lcc _cEBOOKS |
||
| 999 |
_c482609 _d482609 |
||